Statistiques concernant Pays arrivés 3emes de la Coupe du monde

Cliquez ici pour prendre le quiz!

Statistiques générales

  • Ce quiz a été pris 103 fois
  • Le résultat moyen est 17 sur 20

Statistiques - réponses

AnnéePays% Correct
1986France
100%
1958France
100%
1970Allemagne
99%
2010Allemagne
99%
2006Allemagne
99%
1934Allemagne
99%
1978Brésil
98%
1938Brésil
98%
2014Pays-Bas
95%
1990Italie
93%
1966Portugal
84%
1998Croatie
81%
1994Suède
80%
1950Suède
80%
1962Chili
79%
2002Turquie
79%
1974Pologne
70%
1982Pologne
70%
1930Etats-Unis
69%
1954Autriche
63%

Distribution des résultats

Percentile par nombre de réponses

% des personnes avec chaque résultat

Votre développement - résultats

Vous n’avez pas pris ce quiz